000 00856nam0a22002771 4500
001 rc\2726504
005 20250806202157.0
035 _a(NLR Aleph) 006853971
090 _a7826
_c7826
100 _a20110915d1943 u y0rusy50 ca
101 0 _arus
102 _aRU
105 _aa g |||||
200 1 _aСправочник по ремонту паровозов
205 _a2-е изд., испр. и доп.
210 _aМосква
_cТрансжелдориздат
_d1943
215 _a472 с.
_cчерт.
_d17 см.
700 1 _aЗалит
_bН.Н.
_gНиколай Николаевич
701 1 _aВульф
_bВ.В.
801 0 _aRU
_bNLR
_gpsbo
801 1 _aRU
_bELAR
_2rusmarc
852 _aNLR
_jТ88 Г-1/30
942 _cBOOK
945 _aРоссийская национальная библиотека
980 _aNB
980 _aBV